Flags of the Countries that Start with E - Statistics

General Stats
  • This quiz has been taken 12,803 times
    11,436 since last reset
  • The average score is 8 of 9
Answer Stats
Picture Answer % Correct
Estonia
97%
Egypt
96%
Ecuador
92%
Ethiopia
90%
Eswatini
85%
El Salvador
84%
Eritrea
84%
East Timor
75%
Equatorial Guinea
68%
No matching quizzes found
Score Distribution
Percent of People with Each Score
Percentile by Number Answered
Your Score History
You have not taken this quiz since the last reset